000
00317nam a22001451a 4500
082
_a
H3
_b
RAD/S
100
_a
Radhakrishna
245
_a
Sansanate sapne/
_c
by Radhakrishna
260
_c
1997.
_a
_b
300
_a
111p.
650
_a
Novel Hindi
650
_a
Literature Hindi
650
_a
Literature
942
_c
BK
999
_c
40353
_d
40353